| 000 | 00618nam a2200205Ia 4500 | ||
|---|---|---|---|
| 003 | GCL | ||
| 008 | 140319s9999 xx 000 0 ara d | ||
| 040 |
_aGCL / _cGCL |
||
| 082 | 0 | 4 |
_a910.132 _bم ج |
| 100 | 1 | _aزكى الرشيدى | |
| 245 | 1 | 0 |
_aالجغرافيا من وراء السياسة / _cزكى الرشيدى |
| 700 | 1 | _aمودى , ا.ا | |
| 700 | 1 | _aروفائيل جرجس | |
| 300 | _a191 ص | ||
| 490 |
_aالالف كتاب _v0 |
||
| 650 | 0 | 4 | _aالعلاقات الخارجية |
| 650 | 0 | 4 | _aالحدود السياسية |
| 650 | 0 | 4 | _aالجغرافيا السياسية |
| 942 |
_2ddc _cBK |
||
| 999 |
_c43243 _d43243 |
||